[Event "292nd YMCA Autumn A"]
[Site "Warsaw"]
[Date "2024.11.13"]
[Round "8"]
[White "Basiaga, Sebastian"]
[Black "Pettersson, Alexander"]
[Result "1/2-1/2"]
[WhiteElo "1922"]
[BlackElo "1842"]
[PlyCount "145"]
[EventDate "2024.09.27"]
[EventType "tourn"]
[EventRounds "1"]
[EventCountry "POL"]
[SourceDate "2024.09.29"]

1. e4 c6 2. d4 d5 3. e5 c5 4. dxc5 e6 5. a3 Bxc5 6. b4 Bb6 7. Nf3 Ne7 8. Bb2 a5
9. Nbd2 axb4 10. axb4 Rxa1 11. Qxa1 Nbc6 12. b5 Na5 13. Bd3 O-O 14. O-O Bd7 15.
Qa4 Ng6 16. Qg4 Bc5 17. Ng5 Qe8 18. Bc3 b6 19. Rb1 Nb7 20. Ndf3 Be7 21. Bd4 Nc5
22. Bf1 h6 23. Nh3 f5 24. exf6 e5 25. Qh5 Bxf6 26. Bxc5 bxc5 27. b6 Ne7 28.
Qxe8 Rxe8 29. Bb5 Nc6 30. Nd2 c4 31. Kf1 Rb8 32. Ba6 Bd8 33. b7 Na5 34. Ng1 Bc6
35. Ngf3 Bc7 36. Re1 e4 37. Nd4 Bxb7 38. Bb5 Bc8 39. Ba4 Be5 40. c3 Bxd4 41.
cxd4 Rb2 42. Nb1 Ra2 43. Nc3 Ra3 44. Rc1 Be6 45. Ke2 Nb3 46. Bxb3 Rxb3 47. Rc2
Kf7 48. h4 g5 49. hxg5 hxg5 50. Ke3 Kf6 51. Kd2 Kf5 52. Ra2 Rb6 53. Kc2 Kf6 $11
54. Ra5 Rd6 55. Ra8 Kf5 56. Rf8+ Kg6 57. Re8 Kf7 58. Rh8 Kg7 59. Rb8 Kf6 60.
Rb5 Bf7 61. Kb2 Ke6 62. Rb7 Be8 63. Rb8 Bd7 64. Rg8 Kf6 65. Rh8 Ke7 66. Rh5 Kf6
67. Rh6+ Ke7 68. Rh7+ Ke6 $11 69. Kc2 Kf6 70. Rh8 Bc6 71. Rh7 Bd7 72. Rh8 Bc6
73. Rh6+ 1/2-1/2

[Event "292nd YMCA Autumn A"]
[Site "Warsaw"]
[Date "2024.11.26"]
[Round "8"]
[White "Mazurek, Jerzy"]
[Black "Flis, Piotr"]
[Result "0-1"]
[WhiteElo "1890"]
[BlackElo "1979"]
[PlyCount "68"]
[EventDate "2024.09.27"]
[EventType "tourn"]
[EventRounds "1"]
[EventCountry "POL"]
[SourceDate "2024.09.29"]

1. e4 c6 2. d4 d5 3. Nd2 dxe4 4. Nxe4 Nf6 5. Nxf6+ exf6 6. c3 Bd6 7. Bd3 O-O 8.
Ne2 Re8 9. Qc2 h5 10. Be3 Nd7 11. O-O-O Nf8 12. Kb1 Be6 13. c4 Rc8 14. Ng3 g6
15. Ne4 Be7 16. Qd2 b5 17. d5 cxd5 18. cxd5 Bxd5 19. Nc3 Bxg2 20. Qe2 Bxh1 21.
Bxb5 Qa5 22. Bxe8 Rxe8 23. Rxh1 Rb8 24. Rc1 Ne6 25. Ka1 f5 26. Bf4 Nxf4 27.
Qxe7 Nd3 28. Rd1 Qb6 29. Na4 Qxf2 30. Qd6 Rxb2 31. Qxd3 Rxa2+ 32. Kb1 Rxa4 33.
Qc3 Qa2+ 34. Kc1 Qa1+ 0-1

[Event "292nd YMCA Autumn A"]
[Site "Warsaw"]
[Date "2024.11.12"]
[Round "8"]
[White "Kasperkiewicz, Pawel"]
[Black "Kowalski, Witold"]
[Result "1-0"]
[WhiteElo "1858"]
[BlackElo "1983"]
[PlyCount "155"]
[EventDate "2024.09.27"]
[EventType "tourn"]
[EventRounds "1"]
[EventCountry "POL"]
[SourceDate "2024.09.29"]

1. e4 c5 2. Nf3 Nc6 3. Bb5 g6 4. O-O Bg7 5. Bxc6 dxc6 6. d3 Nf6 7. Nc3 O-O 8.
h3 Re8 9. Be3 Nd7 10. Qd2 e5 11. Rae1 Qe7 12. Bh6 Nf8 13. Bxg7 Kxg7 14. Ne2 Qd6
15. Qc3 f6 16. Nh2 Ne6 17. Ng4 Nd4 18. Nxd4 cxd4 19. Qd2 g5 20. c3 Be6 21. cxd4
Qxd4 22. Re3 Rad8 23. Rf3 Bxg4 24. hxg4 Rd7 25. Rc1 Red8 26. Rc3 Qd6 27. a3 Qe6
28. Rf5 Rd4 29. Qe3 h6 30. g3 Qa2 31. Qe2 Rxd3 32. Rxd3 Qb1+ 33. Kg2 Rxd3 34.
Rf3 Rd1 35. Rb3 b6 36. Rc3 Rd6 37. b4 Qa1 38. Qc2 Rd7 39. Rxc6 Qxa3 40. Qc4 Rf7
41. b5 Qe7 42. Rc8 Qd7 43. Qc6 Qxg4 44. Qa8 Kg6 45. Rg8+ Kh5 46. Qd5 Rc7 47.
Rf8 Qd7 48. Rxf6 Qxd5 49. exd5 Rd7 50. f3 g4 51. Rf5+ Kg6 52. Rxe5 Kf6 53. Rh5
gxf3+ 54. Kxf3 Rc7 55. Rxh6+ Ke5 56. Rh5+ Kd6 57. Ke4 Rc4+ 58. Kf5 Kxd5 59. g4
Kd6 60. Rh7 Rc5+ 61. Kf6 Rxb5 62. Rxa7 Rb1 63. g5 Rf1+ 64. Kg7 Rg1 65. g6 Ke6
66. Rb7 Kf5 67. Rxb6 Rg2 68. Kf7 Ra2 69. Rb5+ Kf4 70. g7 Ra7+ 71. Kg6 Ra8 72.
Kh7 Kg4 73. g8=Q+ Rxg8 74. Kxg8 Kf4 75. Kf7 Ke4 76. Ke6 Kd4 77. Rh5 Ke4 78.
Rh4+ 1-0

[Event "292nd YMCA Autumn A"]
[Site "Warsaw"]
[Date "2024.11.15"]
[Round "8"]
[White "Zysko, Jan"]
[Black "Pietrzak, Wojciech"]
[Result "1-0"]
[WhiteElo "2112"]
[BlackElo "1842"]
[PlyCount "51"]
[EventDate "2024.09.27"]
[EventType "tourn"]
[EventRounds "1"]
[EventCountry "POL"]
[SourceDate "2024.09.29"]

1. d4 d5 2. Nf3 Nf6 3. c4 dxc4 4. e3 e6 5. Bxc4 Bb4+ 6. Nc3 O-O 7. O-O c6 8.
Re1 Nd5 9. Bd2 Re8 10. e4 Nxc3 11. bxc3 Bf8 12. e5 Nd7 13. Ng5 g6 14. Qf3 Qe7
15. Ne4 Qa3 16. h4 c5 17. h5 cxd4 18. hxg6 hxg6 19. Ng5 Qe7 20. Qh3 Bg7 21.
Qh7+ Kf8 22. cxd4 Nb6 23. Ne4 Nxc4 24. Bh6 f5 25. Qh8+ Kf7 26. Qxg7# 1-0

[Event "292nd YMCA Autumn A"]
[Site "Warsaw"]
[Date "2024.11.05"]
[Round "8"]
[White "Lewandrowski, Tomasz"]
[Black "Choroszej, Aleksander"]
[Result "1-0"]
[WhiteElo "1954"]
[BlackElo "2070"]
[PlyCount "59"]
[EventDate "2024.09.27"]
[EventType "tourn"]
[EventRounds "1"]
[EventCountry "POL"]
[SourceDate "2024.09.29"]

1. d4 g6 2. Nc3 Bg7 3. e4 d6 4. Be3 a6 5. h4 h6 6. Qd2 b5 7. O-O-O Nd7 8. f4
Bb7 9. e5 c5 10. exd6 exd6 11. f5 Ngf6 12. fxg6 fxg6 13. dxc5 dxc5 14. Bd3 Kf7
15. Qf2 c4 16. Be4 Bxe4 17. Nxe4 Qe7 18. Nd6+ Kg8 19. Bf4 Nh5 20. Bh2 Ne5 21.
Qe2 Qe6 22. Qe4 Rd8 23. Nf3 Rxd6 24. Nxe5 Kh7 25. g4 Re8 26. Rxd6 Qxd6 27. Rd1
Qe6 28. gxh5 Bxe5 29. Bxe5 Qxe5 30. Qxg6+ 1-0

[Event "292nd YMCA Autumn A"]
[Site "Warsaw"]
[Date "2024.11.12"]
[Round "8"]
[White "Borowy, Cezary"]
[Black "Kaniak, Monika"]
[Result "1-0"]
[WhiteElo "2007"]
[BlackElo "1862"]
[PlyCount "75"]
[EventDate "2024.09.27"]
[EventType "tourn"]
[EventRounds "1"]
[EventCountry "POL"]
[SourceDate "2024.09.29"]

1. d4 Nf6 2. Nf3 d6 3. Nc3 g6 4. e4 Bg7 5. h3 O-O 6. Be3 Nc6 7. d5 Ne5 8. Nxe5
dxe5 9. Bc4 a6 10. a4 Qd6 11. O-O Nh5 12. Qd2 Nf4 13. Ne2 g5 14. Ng3 Qf6 15.
Be2 Qg6 16. Bg4 Bxg4 17. hxg4 Bf6 18. c4 h5 19. gxh5 Nxh5 20. Nxh5 Qxh5 21. f3
Kg7 22. g4 Qg6 23. Kg2 Rh8 24. Rh1 Rh4 25. Bf2 Rah8 26. Bxh4 gxh4 27. Kh3 Bg5
28. Qc3 Qf6 29. Rad1 Bf4 30. b4 Qg5 31. Rd3 Rh6 32. c5 Rf6 33. b5 axb5 34. axb5
Bg3 35. b6 Qf4 36. Qc1 cxb6 37. d6 exd6 38. cxd6 1-0

[Event "292nd YMCA Autumn A"]
[Site "Warsaw"]
[Date "2024.11.22"]
[Round "9"]
[White "Pietrzak, Wojciech"]
[Black "Lewandrowski, Tomasz"]
[Result "0-1"]
[WhiteElo "1842"]
[BlackElo "1954"]
[PlyCount "78"]
[EventDate "2024.09.27"]
[EventType "tourn"]
[EventRounds "1"]
[EventCountry "POL"]
[SourceDate "2024.09.29"]

1. e4 c5 2. Nf3 Nc6 3. d4 cxd4 4. Nxd4 e5 5. Nb5 d6 6. a4 Be6 7. N1c3 a6 8. Na3
Be7 9. Nc4 Rc8 10. Nd5 Bxd5 11. exd5 Nb8 12. g4 Nd7 13. Be3 h5 14. gxh5 Ngf6
15. Be2 Nxh5 16. Nxd6+ Bxd6 17. Bxh5 Nf6 18. Bf3 Rc4 19. c3 Rch4 20. Qb3 Qd7
21. c4 Qc7 22. Rc1 e4 23. c5 Bf4 24. Be2 Bxe3 25. fxe3 Rxh2 26. Rxh2 Rxh2 27.
d6 Qc6 28. Rc4 Nd7 29. Qc3 Rh1+ 30. Kd2 f6 31. b4 Ne5 32. b5 axb5 33. axb5 Qd5+
34. Rd4 Qa2+ 35. Qc2 Qa1 36. d7+ Kd8 37. Qc3 Qe1+ 38. Kc2 Qxe2+ 39. Rd2 Qxb5
0-1

[Event "292nd YMCA Autumn A"]
[Site "Warsaw"]
[Date "2024.11.22"]
[Round "9"]
[White "Kowalski, Witold"]
[Black "Zysko, Jan"]
[Result "0-1"]
[WhiteElo "1983"]
[BlackElo "2112"]
[PlyCount "102"]
[EventDate "2024.09.27"]
[EventType "tourn"]
[EventRounds "1"]
[EventCountry "POL"]
[SourceDate "2024.09.29"]

1. e4 c5 2. Nf3 d6 3. d4 cxd4 4. Nxd4 Nc6 5. Nc3 a6 6. Be2 Nf6 7. O-O g6 8. Bg5
Bg7 9. Nb3 O-O 10. f4 b5 11. Bf3 Bb7 12. Kh1 b4 13. Nd5 Nxd5 14. exd5 Na5 15.
Nxa5 Qxa5 16. Bxe7 Rfe8 17. Bh4 Bxb2 18. Rb1 Qxa2 19. f5 a5 20. Qd2 Bc3 21. Qf4
Be5 22. Qd2 Qc4 23. Bg5 Rac8 24. Rbc1 Qd4 25. Qxd4 Bxd4 26. fxg6 hxg6 27. Rcd1
Bg7 28. Bf4 Be5 29. Bxe5 Rxe5 30. Rd2 Rc5 31. Rfd1 Kg7 32. Kg1 f5 33. Kf2 Kf6
34. g3 g5 35. h4 g4 36. Bg2 Ba6 37. Rh1 Kg6 38. Ra1 Bc4 39. Rad1 a4 40. Rb1 b3
41. cxb3 Bxb3 42. Ra1 Rc3 43. Ra3 f4 44. Ra1 fxg3+ 45. Kg1 a3 46. Rd4 Kh5 47.
Be4 a2 48. Bg2 Rce3 49. Rf4 Bc4 50. Rxc4 Re1+ 51. Rxe1 Rxe1+ 0-1

[Event "292nd YMCA Autumn A"]
[Site "Warsaw"]
[Date "2024.11.27"]
[Round "9"]
[White "Flis, Piotr"]
[Black "Kasperkiewicz, Pawel"]
[Result "1/2-1/2"]
[WhiteElo "1979"]
[BlackElo "1858"]
[PlyCount "96"]
[EventDate "2024.09.27"]
[EventType "tourn"]
[EventRounds "1"]
[EventCountry "POL"]
[SourceDate "2024.09.29"]

1. e4 e6 2. c4 d5 3. cxd5 exd5 4. exd5 Nf6 5. Bc4 Nxd5 6. Nc3 Nxc3 7. bxc3 Be7
8. Nf3 O-O 9. O-O c5 10. d4 Nc6 11. h3 b6 12. Re1 Bb7 13. Be3 Bf6 14. Rc1 cxd4
15. cxd4 Rc8 16. Bd3 Nb4 17. Rxc8 Qxc8 18. Bb1 Nd5 19. Bd2 Nc3 20. Bxc3 Qxc3
21. Ne5 Rd8 22. Bxh7+ Kf8 23. Bb1 Bxe5 24. Rxe5 Qxd4 25. Qh5 Qd1+ 26. Kh2 Qxh5
27. Rxh5 Rd1 28. Rb5 Ke7 29. Rb2 Kd6 30. Kg3 Kc5 31. f3 b5 32. Kf2 a5 33. Ke2
Rg1 34. Ke3 Bd5 35. Bd3 Bc4 36. Rc2 Ra1 37. Bxc4 bxc4 38. f4 Re1+ 39. Kf2 Rb1
40. g4 Kd4 41. Rd2+ Ke4 42. Rd7 c3 43. Rc7 Rc1 44. Ke2 Rc2+ 45. Kd1 Rxa2 46.
Rxc3 Kxf4 47. Rc7 g5 48. Rxf7+ Kg3 $11 1/2-1/2

[Event "292nd YMCA Autumn A"]
[Site "Warsaw"]
[Date "2024.11.22"]
[Round "9"]
[White "Pettersson, Alexander"]
[Black "Mazurek, Jerzy"]
[Result "1-0"]
[WhiteElo "1842"]
[BlackElo "1890"]
[PlyCount "81"]
[EventDate "2024.09.27"]
[EventType "tourn"]
[EventRounds "1"]
[EventCountry "POL"]
[SourceDate "2024.09.29"]

1. d4 Nf6 2. c4 e6 3. Nf3 d5 4. e3 Be7 5. Nc3 O-O 6. Bd3 b6 7. O-O Bb7 8. b3
Nbd7 9. Bb2 Ne4 10. Rc1 a6 11. Qc2 f5 12. cxd5 exd5 13. Ne5 Bf6 14. f3 Nd6 15.
Ne2 Rc8 16. Bxf5 Nxf5 17. Qxf5 Nxe5 18. dxe5 Bg5 19. Qd3 c5 20. f4 Bh6 21. Ng3
d4 22. Nf5 Rxf5 23. Qxf5 Qd5 24. Qg4 dxe3 $11 25. Rfd1 Qe4 26. Rc4 Qc6 27. Rd6
e2 28. Qxe2 Qe8 29. Qg4 Rc6 30. Rxc6 Qxc6 31. Rc1 Bxf4 32. Rd1 Be3+ 33. Kh1 h6
34. e6 Bd4 35. Bxd4 cxd4 36. Rxd4 Qc1+ 37. Rd1 Qc2 38. Re1 Qf2 39. Rg1 h5 40.
Qg6 h4 41. e7 1-0

[Event "292nd YMCA Autumn A"]
[Site "Warsaw"]
[Date "2024.11.26"]
[Round "9"]
[White "Bobinski, Lukasz"]
[Black "Basiaga, Sebastian"]
[Result "1-0"]
[WhiteElo "1909"]
[BlackElo "1922"]
[PlyCount "45"]
[EventDate "2024.09.27"]
[EventType "tourn"]
[EventRounds "1"]
[EventCountry "POL"]
[SourceDate "2024.09.29"]

1. c4 c6 2. Nf3 Nf6 3. Nc3 d5 4. e3 Bf5 5. cxd5 cxd5 6. Qb3 Bc8 7. Bb5+ Nc6 8.
e4 a6 9. Bxc6+ bxc6 10. Ne5 Qc7 11. d4 e6 12. O-O Bd6 13. Re1 O-O 14. exd5 cxd5
15. h3 Bd7 16. Bg5 Rfb8 17. Qd1 Ne4 18. Nxe4 dxe4 19. Rc1 Qb7 20. Qg4 Be8 21.
Bf6 Bf8 22. Rc3 Kh8 23. Rg3 1-0

[Event "292nd YMCA Autumn A"]
[Site "Warsaw"]
[Date "2024.11.28"]
[Round "10"]
[White "Mazurek, Jerzy"]
[Black "Bobinski, Lukasz"]
[Result "1-0"]
[WhiteElo "1890"]
[BlackElo "1909"]
[PlyCount "141"]
[EventDate "2024.09.27"]
[EventType "tourn"]
[EventRounds "1"]
[EventCountry "POL"]
[SourceDate "2024.09.29"]

1. e4 c5 2. Nf3 g6 3. d4 cxd4 4. Nxd4 Nc6 5. Nc3 Bg7 6. Nb3 Nf6 7. Be2 O-O 8.
O-O d6 9. Re1 Be6 10. Bf1 Rc8 11. Nd5 Bxd5 12. exd5 Ne5 13. c3 a6 14. Bg5 Re8
15. Qd2 Nc4 16. Bxc4 Rxc4 17. Qd3 Rc7 18. Be3 Nd7 19. Bd4 Ne5 20. Qe4 Nc4 21.
Bxg7 Kxg7 22. Qd4+ Kg8 23. Re2 b5 24. Rae1 a5 25. Qh4 Nb6 26. Nd4 Qd7 27. Qe4
Rc4 28. Qf3 Rc5 29. Nc6 Nxd5 30. Nxa5 Nb6 31. a3 Rcc8 32. Nb3 Nc4 33. Qd3 e6
34. h3 d5 35. f4 Red8 36. Nd4 Nd6 37. Kh2 Rc4 38. Qe3 Ne4 39. Nf3 Qd6 40. Ne5
Rc7 41. Rf1 f6 42. Ng4 Rc4 43. g3 Kg7 44. Nf2 Qc7 45. Rfe1 f5 46. Qf3 Rc6 47.
Nd3 Rcd6 48. Ne5 d4 49. cxd4 Rxd4 50. Qb3 R8d5 51. Rc2 Qb6 52. Ree2 Rd1 53. Qe3
Qb7 54. Re1 R1d4 55. Rec1 Rd2+ 56. Kg1 Rxc2 57. Rxc2 Rd1+ 58. Kh2 Nf2 59. Nc6
Ne4 60. Qa7 Qxa7 61. Nxa7 Rd5 62. Nc6 g5 63. Ne5 Kf6 64. Rc7 Rd2+ 65. Kg1 Nd6
66. Rd7 gxf4 67. gxf4 Rd5 68. Rxh7 Rxe5 69. fxe5+ Kxe5 70. b3 Kd5 71. Rd7 1-0

[Event "292nd YMCA Autumn A"]
[Site "Warsaw"]
[Date "2024.11.26"]
[Round "10"]
[White "Kasperkiewicz, Pawel"]
[Black "Pettersson, Alexander"]
[Result "1/2-1/2"]
[WhiteElo "1858"]
[BlackElo "1842"]
[PlyCount "45"]
[EventDate "2024.09.27"]
[EventType "tourn"]
[EventRounds "1"]
[EventCountry "POL"]
[SourceDate "2024.09.29"]

1. e4 c6 2. d4 d5 3. exd5 cxd5 4. c4 Nf6 5. Nc3 e6 6. Nf3 Be7 7. Bd3 dxc4 8.
Bxc4 O-O 9. O-O a6 10. a3 b5 11. Ba2 Bb7 12. Bg5 Nc6 13. Qd3 b4 14. Na4 bxa3
15. bxa3 Na5 16. Rfd1 Be4 17. Qe2 Bd5 18. Nc5 Bxa2 19. Qxa2 Nd5 20. Bxe7 Qxe7
21. Rac1 Rfb8 22. Re1 Qd8 23. Ne5 $11 1/2-1/2

[Event "292nd YMCA Autumn A"]
[Site "Warsaw"]
[Date "2024.12.13"]
[Round "10"]
[White "Zysko, Jan"]
[Black "Flis, Piotr"]
[Result "1-0"]
[WhiteElo "2112"]
[BlackElo "1979"]
[PlyCount "103"]
[EventDate "2024.09.27"]
[EventType "tourn"]
[EventRounds "1"]
[EventCountry "POL"]
[SourceDate "2024.09.29"]

1. Nf3 d5 2. g3 Nf6 3. Bg2 e6 4. O-O Be7 5. c4 O-O 6. d4 dxc4 7. Nbd2 b5 8. a4
c6 9. Qc2 a5 10. b3 c3 11. Qxc3 b4 12. Qc2 Ba6 13. Nc4 Bxc4 14. Qxc4 Qb6 15.
Ne5 Ra7 16. Nxc6 Nxc6 17. Qxc6 Qd8 18. Bf4 Rd7 19. e3 Ne8 20. Rac1 g5 21. Be5
f6 22. Qxe6+ Kh8 23. Bb8 Ng7 24. Qc6 Ne8 25. Bh3 f5 26. Be5+ Ng7 27. Rfd1 Bd6
28. Bxd6 Rxd6 29. Qc7 Qf6 30. Qxa5 g4 31. Bg2 Ne6 32. Qe5 Qxe5 33. dxe5 Rxd1+
34. Rxd1 Nc5 35. Bd5 Rd8 36. Rd4 Kg7 37. Kf1 Kf8 38. Ke2 Ke7 39. f4 gxf3+ 40.
Kxf3 Nd7 41. Kf4 Nb6 42. Bc6 Rc8 43. Rd6 Nc4 44. bxc4 b3 45. Rd7+ Ke6 46. Rd6+
Ke7 47. Bb5 b2 48. Rd1 Rd8 49. Rb1 Rd2 50. Kxf5 Rxh2 51. a5 Kd8 52. a6 1-0

[Event "292nd YMCA Autumn A"]
[Site "Warsaw"]
[Date "2024.12.05"]
[Round "10"]
[White "Lewandrowski, Tomasz"]
[Black "Kowalski, Witold"]
[Result "1/2-1/2"]
[WhiteElo "1954"]
[BlackElo "1983"]
[PlyCount "57"]
[EventDate "2024.09.27"]
[EventType "tourn"]
[EventRounds "1"]
[EventCountry "POL"]
[SourceDate "2024.09.29"]

1. d4 Nf6 2. Nc3 d5 3. Bf4 e6 4. Nb5 Bb4+ 5. c3 Ba5 6. a4 a6 7. b4 Bxb4 8. cxb4
axb5 9. axb5 Rxa1 10. Qxa1 Nh5 11. Bd2 O-O 12. e3 Qd6 13. Be2 Nf6 14. Nf3 Ne4
15. Qb2 Nd7 16. O-O Ndf6 17. Rc1 Bd7 18. Ne5 Rc8 19. f3 Nxd2 20. Qxd2 Be8 21.
Qc3 Nd7 22. Nxd7 Bxd7 23. Qc5 Kf8 24. b6 Qxc5 25. Rxc5 cxb6 26. Rxc8+ Bxc8 27.
h4 Bd7 28. g4 f6 29. f4 1/2-1/2

[Event "292nd YMCA Autumn A"]
[Site "Warsaw"]
[Date "2024.11.26"]
[Round "10"]
[White "Borowy, Cezary"]
[Black "Pietrzak, Wojciech"]
[Result "1-0"]
[WhiteElo "2007"]
[BlackElo "1842"]
[PlyCount "97"]
[EventDate "2024.09.27"]
[EventType "tourn"]
[EventRounds "1"]
[EventCountry "POL"]
[SourceDate "2024.09.29"]

1. d4 d5 2. Bf4 c5 3. c3 cxd4 4. cxd4 Nc6 5. Nc3 Bf5 6. Nf3 e6 7. e3 Bd6 8. Bg3
Nge7 9. Bd3 h6 10. O-O Bxg3 11. hxg3 O-O 12. a3 Rc8 13. Rc1 Na5 14. Be2 Qb6 15.
b4 Nc4 16. Na4 Qd6 17. Qb3 Be4 18. Rfd1 Nf5 19. Nc3 Ncxe3 20. fxe3 Qxg3 21. Nb1
g5 22. Nbd2 Nh4 23. Nxh4 gxh4 24. Bf3 f5 25. Rxc8 Rxc8 26. Nxe4 fxe4 27. Bxe4
Rf8 28. Bxd5 Qf2+ 29. Kh1 exd5 30. Qxd5+ Rf7 31. Qe4 Qe2 32. Rc1 Rf1+ 33. Rxf1
Qxf1+ 34. Kh2 Qe1 35. Qg4+ Kf8 36. Qf4+ Ke8 37. Qb8+ Kf7 38. Qxb7+ Kg6 39. Qe4+
Kf6 40. Qf4+ Ke6 41. e4 h5 42. d5+ Kd7 43. e5 a5 44. e6+ Ke7 45. Qc7+ Kf6 46.
e7 axb4 47. Qd6+ Kf7 48. axb4 h3 49. Qe6+ 1-0

[Event "292nd YMCA Autumn A"]
[Site "Warsaw"]
[Date "2024.11.29"]
[Round "10"]
[White "Kaniak, Monika"]
[Black "Choroszej, Aleksander"]
[Result "1-0"]
[WhiteElo "1862"]
[BlackElo "2070"]
[PlyCount "65"]
[EventDate "2024.09.27"]
[EventType "tourn"]
[EventRounds "1"]
[EventCountry "POL"]
[SourceDate "2024.09.29"]

1. d4 g6 2. c4 Bg7 3. Nc3 d6 4. e4 Nf6 5. Bd3 O-O 6. Nge2 e5 7. d5 Nbd7 8. Bg5
h6 9. Bh4 g5 10. Bg3 Nh5 11. Qd2 Nf4 12. O-O f5 13. Bxf4 exf4 14. exf5 f3 15.
Ng3 Ne5 16. Rae1 a6 17. Re3 g4 18. Rxe5 fxg2 19. Kxg2 dxe5 20. Be4 h5 21. Nxh5
Bxf5 22. Ng3 Bxe4+ 23. Ncxe4 Rf4 24. Re1 Qh4 25. c5 Raf8 26. d6 c6 27. Qc2 R4f7
28. Qb3 Kh8 29. Rd1 Bh6 30. d7 Rh7 31. Qe6 Bf4 32. Qe8 Qd8 33. Qxf8+ 1-0

[Event "292nd YMCA Autumn A"]
[Site "Warsaw"]
[Date "2024.12.06"]
[Round "11"]
[White "Pietrzak, Wojciech"]
[Black "Kaniak, Monika"]
[Result "0-1"]
[WhiteElo "1842"]
[BlackElo "1862"]
[PlyCount "138"]
[EventDate "2024.09.27"]
[EventType "tourn"]
[EventRounds "1"]
[EventCountry "POL"]
[SourceDate "2024.09.29"]

1. e4 b6 2. d4 Bb7 3. Nc3 e6 4. Bd3 d6 5. Nf3 Be7 6. Bf4 Nf6 7. Qd2 Nbd7 8. Rd1
O-O 9. h4 Ng4 10. Ng5 e5 11. Qe2 Nxf2 12. Kxf2 exf4 13. e5 h6 14. e6 Bxg5 15.
hxg5 Qxg5 16. Ne4 Bxe4 17. Bxe4 d5 18. Bf3 Nf6 19. e7 Rfe8 20. Rhe1 Rac8 21.
Qe5 c6 22. Qd6 Qf5 23. Re2 g5 24. Rh1 Kg7 25. Bh5 Nxh5 26. Rxh5 Qg6 27. Qxg6+
Kxg6 28. Rh1 Rc7 29. Rhe1 Kf6 30. Rh1 Kg6 31. Rhe1 h5 32. g3 fxg3+ 33. Kxg3 Rd7
34. Re5 Rd6 35. b3 Rf6 36. c4 Rf5 37. R5e2 Rf4 38. cxd5 cxd5 39. Rc1 Re4 40.
Rxe4 dxe4 41. Rc7 Kf6 42. d5 Rxe7 43. d6 Re8 44. Rxa7 Rd8 45. d7 Ke6 46. Rb7
Rxd7 47. Rxb6+ Ke5 48. a4 Rd3+ 49. Kf2 f5 50. a5 Rd6 51. Rb4 f4 52. Ra4 e3+ 53.
Ke1 Ra6 54. b4 Kd5 55. b5 Ra8 56. b6 Kc6 57. Rb4 Rb8 58. Ke2 Kb7 59. Rb5 Rg8
60. Rf5 Ka6 61. Rc5 h4 62. Rc7 h3 63. Ra7+ Kb5 64. b7 h2 65. Ra8 h1=Q 66. Rxg8
Qxb7 67. Rxg5+ Kc4 68. Rg4 Qe4 69. Ke1 Kd3 0-1

[Event "292nd YMCA Autumn A"]
[Site "Warsaw"]
[Date "2024.12.03"]
[Round "11"]
[White "Kowalski, Witold"]
[Black "Borowy, Cezary"]
[Result "1/2-1/2"]
[WhiteElo "1983"]
[BlackElo "2007"]
[PlyCount "47"]
[EventDate "2024.09.27"]
[EventType "tourn"]
[EventRounds "1"]
[EventCountry "POL"]
[SourceDate "2024.09.29"]

1. Nf3 d5 2. g3 Bf5 3. Bg2 c6 4. O-O Nf6 5. d3 Nbd7 6. Nbd2 e5 7. Re1 h6 8. e4
dxe4 9. dxe4 Be6 10. Qe2 Bc5 11. b3 O-O 12. Bb2 Qc7 13. h3 b5 14. a4 a6 15. Ra2
Nh7 16. Rea1 b4 17. Nc4 Ng5 18. Nxg5 hxg5 19. Re1 f6 20. Raa1 Nb6 21. Ne3 Bxe3
22. Qxe3 c5 23. c4 Rad8 24. Rad1 $11 1/2-1/2

[Event "292nd YMCA Autumn A"]
[Site "Warsaw"]
[Date "2024.12.06"]
[Round "11"]
[White "Flis, Piotr"]
[Black "Lewandrowski, Tomasz"]
[Result "1-0"]
[WhiteElo "1979"]
[BlackElo "1954"]
[PlyCount "107"]
[EventDate "2024.09.27"]
[EventType "tourn"]
[EventRounds "1"]
[EventCountry "POL"]
[SourceDate "2024.09.29"]

1. e4 c5 2. Nf3 Nc6 3. d4 cxd4 4. Nxd4 e5 5. Nb5 d6 6. N1c3 a6 7. Na3 Be7 8.
Nc4 b5 9. Ne3 Nf6 10. Bd3 O-O 11. O-O Be6 12. a4 b4 13. Ncd5 Bxd5 14. Nxd5 Nxd5
15. exd5 Nb8 16. a5 f5 17. f3 Qc7 18. Qe2 Kh8 19. Kh1 Nd7 20. Bd2 Qb7 21. Ra4
Nc5 22. Rxb4 Qxd5 23. Bc4 Qc6 24. Rb6 Qc8 25. b4 Nd7 26. Rxa6 Rxa6 27. Bxa6
Qxc2 28. Rc1 Qb2 29. Rc7 Nb8 30. Bc3 Qc1+ 31. Qe1 Qg5 32. Bb5 h5 33. a6 Nxa6
34. Bxa6 Kh7 35. f4 Qf6 36. fxe5 dxe5 37. Qxe5 Qxe5 38. Bxe5 Bxb4 39. Rxg7+ Kh6
40. Rb7 Ra8 41. Bf4+ Kg6 42. Rb6+ Kh7 43. Rb7+ Kg6 44. Rb6+ Kh7 45. Rxb4 Rxa6
46. h3 Kg6 47. Rd4 Kf7 48. Kh2 Ra3 49. Rd5 Ke6 50. Rd6+ Kf7 51. Rh6 Ra4 52. Bg5
Kg7 53. Rxh5 Kg6 54. Rh4 1-0

[Event "292nd YMCA Autumn A"]
[Site "Warsaw"]
[Date "2024.12.06"]
[Round "11"]
[White "Pettersson, Alexander"]
[Black "Zysko, Jan"]
[Result "1/2-1/2"]
[WhiteElo "1842"]
[BlackElo "2112"]
[PlyCount "59"]
[EventDate "2024.09.27"]
[EventType "tourn"]
[EventRounds "1"]
[EventCountry "POL"]
[SourceDate "2024.09.29"]

1. d4 Nf6 2. c4 g6 3. Nf3 Bg7 4. e3 O-O 5. Be2 c5 6. d5 d6 7. Nc3 e5 8. e4 Nh5
9. g3 f5 10. exf5 Bxf5 11. Ng5 Nf6 12. O-O h6 13. Ne6 Bxe6 14. dxe6 Nc6 15. Bf3
Qe7 16. Nd5 Nxd5 17. cxd5 Nd4 18. Be4 Nf5 19. a4 Kh7 20. Ra3 Bf6 21. Qg4 Bg5
22. h4 Bxc1 23. Rxc1 h5 24. Qd1 Kg7 25. Bxf5 Rxf5 26. Rf3 Rxf3 27. Qxf3 Rf8 28.
Qe3 Qf6 29. Kg2 e4 30. Rc4 $11 1/2-1/2

[Event "292nd YMCA Autumn A"]
[Site "Warsaw"]
[Date "2024.12.03"]
[Round "11"]
[White "Bobinski, Lukasz"]
[Black "Kasperkiewicz, Pawel"]
[Result "1-0"]
[WhiteElo "1909"]
[BlackElo "1858"]
[PlyCount "103"]
[EventDate "2024.09.27"]
[EventType "tourn"]
[EventRounds "1"]
[EventCountry "POL"]
[SourceDate "2024.09.29"]

1. d4 e6 2. e4 d5 3. e5 c5 4. c3 Nc6 5. Nf3 Bd7 6. Be2 Nge7 7. Na3 cxd4 8. cxd4
Nf5 9. Nc2 Rc8 10. O-O Nb4 11. Nxb4 Bxb4 12. Bd2 Qb6 13. Kh1 Bxd2 14. Qxd2 Bb5
15. Rfc1 O-O 16. Bd1 Qa6 17. a4 Bd3 18. Ne1 Bf1 19. Kg1 h6 20. b3 Rfd8 21. f3
h5 22. Bc2 Qe2 23. Qxe2 Bxe2 24. Bxf5 exf5 25. Kf2 Ba6 26. Ke3 f6 27. f4 Kf7
28. Nf3 b6 29. exf6 Re8+ 30. Ne5+ Kxf6 31. Kd2 Ke6 32. h4 Kd6 33. Rxc8 Rxc8 34.
Re1 Re8 35. Re3 Re6 36. Rg3 g6 37. Rc3 Bb7 38. b4 Rf6 39. Rg3 Bc6 40. b5 Be8
41. Rc3 Bd7 42. Rg3 Be8 43. Kc3 Re6 44. Kb4 Kc7 45. a5 Kb7 46. Rc3 Rf6 47. a6+
Kb8 48. Re3 Kc7 49. Nf3 Bd7 50. Re7 Re6 51. Rg7 Kd8 52. Ne5 1-0

[Event "292nd YMCA Autumn A"]
[Site "Warsaw"]
[Date "2024.11.20"]
[Round "11"]
[White "Basiaga, Sebastian"]
[Black "Mazurek, Jerzy"]
[Result "0-1"]
[WhiteElo "1922"]
[BlackElo "1890"]
[PlyCount "74"]
[EventDate "2024.09.27"]
[EventType "tourn"]
[EventRounds "1"]
[EventCountry "POL"]
[SourceDate "2024.09.29"]

1. b3 e5 2. Bb2 Nc6 3. e3 d5 4. Bb5 Nge7 5. Bxe5 a6 6. Bxc6+ Nxc6 7. Bb2 Qg5 8.
g3 Bg4 9. f3 Bf5 10. Ne2 Bd6 11. O-O Nb4 12. Na3 O-O-O 13. f4 Qg6 14. Nd4 Bh3
15. Rf2 h5 16. Qf3 c5 17. Ne2 Bg4 18. Qg2 h4 19. f5 Qg5 20. Nf4 hxg3 21. Qxg3
Qxf5 22. Qg2 Qd7 23. c4 Rh7 24. Nxd5 Nxd5 25. Qxd5 Be6 26. Qf3 Rdh8 27. d4
Bxh2+ 28. Kf1 Rh3 29. Qe4 R8h4 30. Qd3 Bg3 31. Rg2 Bg4 32. e4 Rh1+ 33. Rg1 Bh3+
34. Ke2 Qg4+ 35. Qf3 Rh2+ 36. Ke3 Qg5+ 37. Kd3 Qd2# 0-1